[Event "Quebec op"]
[Site "Montreal"]
[Date "1978.07.23"]
[Round "3"]
[White "Desmarest, Jean Marc"]
[Black "Morin, Louis"]
[Result "0-1"]
[WhiteElo "1499"]
[BlackElo "1366"]
[PlyCount "136"]
[EventDate "1978.07.22"]
[EventType "swiss"]
[EventRounds "9"]
[EventCountry "CAN"]
[SourceTitle "EXT 2022"]
[Source "ChessBase"]
[SourceDate "2021.10.06"]
[SourceVersion "1"]
[SourceVersionDate "2021.10.06"]
[SourceQuality "1"]

1. e4 e5 2. Nf3 d6 3. Bc4 Be7 4. Nc3 Nf6 5. d4 Nbd7 6. 0-0 0-0 7. Bg5 c6 8. h3 h6 9. Bh4 Nh5 10. Bxe7 Qxe7 11. dxe5 dxe5 12. Nd2 Nf4 13. Qf3 Qg5 14. Qg3 Nxh3+ 15. Qxh3 Qxd2 16. Qd3 Qxd3 17. cxd3 Nc5 18. Rad1 Be6 19. Bxe6 Nxe6 20. Na4 Rad8 21. b4 Nd4 22. g3 Nc2 23. f4 Ne3 24. Rd2 Nxf1 25. Kxf1 exf4 26. gxf4 Rd4 27. a3 f5 28. Nc5 Rf7 29. Nb3 fxe4 30. Nxd4 e3 31. Rd1 Rxf4+ 32. Ke2 Rxd4 33. Kxe3 Rd6 34. d4 Kf7 35. Rc1 g5 36. b5 Ke6 37. Rh1 Kd5 38. bxc6 Rxc6 39. Rb1 Rb6 40. Rh1 Rb3+ 41. Kf2 Rxa3 42. Rxh6 Kxd4 43. Rg6 Ra5 44. Ke1 Rb5 45. Kd2 a5 46. Rd6+ Rd5 47. Rh6 Kc4+ 48. Kc2 b5 49. Rg6 b4 50. Kb1 Kb3 51. Kc1 a4 52. Ra6 a3 53. Rb6 a2 54. Ra6 Rd1+ 55. Kxd1 Kb2 56. Ke2 a1Q 57. Rd6 Qb1 58. Kf3 Qe1 59. Kg4 b3 60. Kxg5 Qg3+ 61. Kf5 Qxd6 62. Ke4 Kc2 63. Kf3 Kd2 64. Ke4 b2 65. Kf3 Qd4 66. Kg3 Ke2 67. Kg2 Qg4+ 68. Kh2 Kf2 0-1